Central Library OPAC University of Rajshahi

Sophocles Oedipus tyrannus : (Record no. 54799)

MARC details
000 -LEADER
fixed length control field 01024nam a2200289 a 4500
001 - CONTROL NUMBER
control field 54799
003 - CONTROL NUMBER IDENTIFIER
rucl marc code BD-RjUL
005 - DATE AND TIME OF LATEST TRANSACTION
control field 20211209080154.0
008 - FIXED-LENGTH DATA ELEMENTS--GENERAL INFORMATION
fixed length control field 161110s2005 enk 000 0 eng d
035 ## - SYSTEM CONTROL NUMBER
System control number (BD-RjUL)54921
040 ## - CATALOGING SOURCE
Original cataloging agency BD-RjUL
Language of cataloging eng
Transcribing agency BD-RjUL
Modifying agency BD-RjUL
041 ## - LANGUAGE CODE
Language code of text/sound track or separate title eng
082 ## - DEWEY DECIMAL CLASSIFICATION NUMBER
Edition number 23
Classification number 882.01
Author mark and year BES 2005
100 1# - MAIN ENTRY--PERSONAL NAME
Personal name Berkowitz, Lucille
9 (RLIN) 163350
245 10 - TITLE STATEMENT
Title Sophocles Oedipus tyrannus :
Remainder of title a new translation, passages from ancient authors ... some studies, criticism /
Statement of responsibility, etc. Lucille Berkowitz
250 ## - EDITION STATEMENT
Edition statement 1st south Asian ed.
260 ## - PUBLICATION, DISTRIBUTION, ETC. (IMPRINT)
Place of publication, distribution, etc. London :
Name of publisher, distributor, etc. W.W. Norton,
Date of publication, distribution, etc. 2005
300 ## - PHYSICAL DESCRIPTION
Pagination viii, 261 p. ;
Size 18 cm.
490 ## - SERIES STATEMENT
Series statement Norton critical edition.
600 00 - SUBJECT ADDED ENTRY--PERSONAL NAME
Personal name Sophocles.
Title of a work Oedipus Rex.
Personal name Sophocles
General subdivision Criticism, Textual.
Personal name Sophocles
General subdivision Criticism and interpretation.
Personal name Oedipus
Titles and other words associated with a name (Greek mythological figure)
General subdivision In literature.
856 ## - ELECTRONIC LOCATION AND ACCESS
Materials specified Norton critical edition.
942 ## - ADDED ENTRY ELEMENTS (KOHA)
Source of classification or shelving scheme Dewey Decimal Classification
Koha item type Books
Holdings
Lost status Source of classification or shelving scheme Damaged status Not for loan Collection code Permanent Location Current Location Shelving location Date acquired Source of acquisition Cost, normal purchase price Total Checkouts Full call number Date last seen Date checked out Copy number Koha item type
  Dewey Decimal Classification     Non-fiction Central Library, University of Rajshahi Central Library, University of Rajshahi   09/03/2008 Dhaka paragon enterprises ltd. 225.00 1 882.01 BES 2005 14/03/2023 27/02/2023 C-2 Books